| 000 | 00392 a2200109 4500 | ||
|---|---|---|---|
| 020 | _a0784405603 | ||
| 082 | _a624.20288 BRA | ||
| 100 | _aBranco, Fernando A. | ||
| 245 |
_aHandbook of concrete bridge management / _cFernando A. Branco, Jorge de Brito. |
||
| 260 |
_a[Reston, VA] : _bAmerican Society of Civil Engineers, _c2004. |
||
| 300 |
_axxv, 468 p. : _bill. ; _c27 cm. |
||
| 650 |
_aConcrete bridges _xMaintenance and repair |
||
| 999 |
_c2323 _d2323 |
||